Before and After V Quiz Stats

 Plays Quiz Updated Aug 30, 2019

Score 0/16 Timer 06:00
0 Plays Today
Hint (Before) Answer % Correct
Fabled poultry that lives in fear of the sky fallingChicken Little Rock
81.2%
NBC sitcom starring Bea Arthur, Betty White, Rue McClanahan and Estelle GettyGolden Girls Gone Wild
79.9%
1989 Morgan Freeman and Jessica Tandy Academy Award winner for Best PictureDriving Miss Daisy Duke
65.4%
1986 Molly Ringwald filmPretty in Pink Ladies
55.2%
Alice in Wonderland's feline acquaintanceCheshire Cat on a Hot Tin Roof
54.7%
1988 plucky Bobby McFerrin songDon't Worry Be Happy Gilmore
53.2%
Jules Verne novel and later a David Niven (or Jackie Chan) filmAround the World in 80 Days of Our Lives
50.6%
Aerosmith's 1987 hit singleDude Looks Like a Lady Gaga
47.2%
Hint (Before) Answer % Correct
Anne Rice's 1973 novelInterview With The Vampire Diaries
38.4%
Maurice Sendak's classic children's taleWhere the Wild Things Are You Afraid of the Dark?
38.2%
1985 movie starring Rosanna Arquette and MadonnaDesperately Seeking Susan B. Anthony
35.4%
Leapin' lizards! This Harold Gray character has been around a long timeLittle Orphan Annie Hall
31.1%
English one-hit wonder duo known for 'I'm Too Sexy'Right Said Fred Thompson
29%
1991 Geena Davis and Susan Sarandon filmThelma and Louise Fletcher
21.9%
Nickname for Henry VIII's oldest daughterBloody Mary Louise Parker
20.4%
Burt Bacharach hit featured in Butch Cassidy and the Sundance KidRaindrops Keep Falling on my Head of State
11.8%

You're not logged in!

Compare scores with friends on all Sporcle quizzes.
OR
Log In

Sporcle TV

Today on Sporcle TV


Watch our educational content, quiz creation guides, and fun videos on Sporcle TV.

Show Comments

Extras

Top Quizzes Today


Score Distribution

Your Account Isn't Verified!

In order to create a playlist on Sporcle, you need to verify the email address you used during registration. Go to your Sporcle Settings to finish the process.

Report this User

Report this user for behavior that violates our Community Guidelines.

Details: